| 000 -LEADER |
| fixed length control field |
00492pab a2200169 454500 |
| 008 - FIXED-LENGTH DATA ELEMENTS--GENERAL INFORMATION |
| fixed length control field |
180718b xxu||||| |||| 00| 0 eng d |
| 100 ## - MAIN ENTRY--PERSONAL NAME |
| Personal name |
Painuly, J.P. |
| 245 ## - TITLE STATEMENT |
| Title |
Rural energy system and agriculture: alternative scenarios for Gujarat |
| 650 ## - SUBJECT ADDED ENTRY--TOPICAL TERM |
| Topical term or geographic name entry element |
Rural Energy |
| 650 ## - SUBJECT ADDED ENTRY--TOPICAL TERM |
| Topical term or geographic name entry element |
Rural Development |
| 650 ## - SUBJECT ADDED ENTRY--TOPICAL TERM |
| Topical term or geographic name entry element |
Agriculture |
| 650 ## - SUBJECT ADDED ENTRY--TOPICAL TERM |
| Topical term or geographic name entry element |
Energy Resources - India - Gujarat |
| 700 ## - ADDED ENTRY--PERSONAL NAME |
| Personal name |
Shah, D.R |
| 700 ## - ADDED ENTRY--PERSONAL NAME |
| Personal name |
Parikh, Jyoti K. |
| 773 ## - HOST ITEM ENTRY |
| Main entry heading |
Economic and Political Weekly |
| 909 ## - |
| -- |
22128 |